Statistics for Quiz About Me

Click here to take the quiz!

General Stats

  • This quiz has been taken 14 times
  • The average score is 5 of 10

Answer Stats

Favorite...Answer% Correct
What State Do I Live In?
(Hint - It's the 2nd southernmost state)
Florida
82%
FoodPizza
82%
Day of The WeekSaturday
82%
FruitApple
73%
ColorBlack
73%
HolidayChristmas
73%
SuperheroIron Man
36%
AnimalWolf
18%
VegetableCarrots
0%
SmellChocolate
0%

Score Distribution

Percentile by Number Answered

Percent of People with Each Score

Your Score History

You have not taken this quiz